LEADER 03555nam 2200829 a 450 001 9910791731803321 005 20200520144314.0 010 $a1-84779-765-2 010 $a1-78170-176-8 010 $a1-84779-263-4 024 7 $a10.7765/9781847792631 035 $a(CKB)2560000000085680 035 $a(EBL)1069662 035 $a(OCoLC)818847433 035 $a(SSID)ssj0000712773 035 $a(PQKBManifestationID)12229353 035 $a(PQKBTitleCode)TC0000712773 035 $a(PQKBWorkID)10645281 035 $a(PQKB)11331525 035 $a(StDuBDS)EDZ0000086936 035 $a(OCoLC)1132669016 035 $a(MdBmJHUP)muse78046 035 $a(Au-PeEL)EBL1069662 035 $a(CaPaEBR)ebr10623305 035 $a(CaONFJC)MIL843527 035 $a(MiAaPQ)EBC1069662 035 $a(DE-B1597)660129 035 $a(DE-B1597)9781847792631 035 $a(EXLCZ)992560000000085680 100 $a20101022d2010 uy 0 101 0 $aeng 135 $aur|n|---||||| 181 $ctxt 182 $cc 183 $acr 200 10$aGender and housing in Soviet Russia$b[electronic resource] $eprivate life in a public space /$fLynne Attwood 210 $aManchester $cManchester University Press$d2010 215 $a1 online resource (269 p.) 225 0 $aGender in History 225 0$aGender in history 300 $aDescription based upon print version of record. 311 $a0-7190-8145-9 320 $aIncludes bibliographical references and index. 327 $a9780719081453; 9780719081453; Copyright Page; Contents; Acknowledgements; Introduction; 1 New byt, new woman, new forms of housing; 2 The New Economic Policy; 3 Housing cooperatives; 4 Communes, hostels and barracks; 5 The 'second socialist offensive'; 6 The retreat from new byt; 7 Communal living by default; 8 The Great Patriotic War and its aftermath; 9 The Khrushchev era:'To every family its own apartment'; 10 The Brezhnev years; 11 The Gorbachev era:the end of a socialist housing policy; 12 Personal tales; Conclusion; Bibliography; Index 330 $aThis book explores the housing problem throughout the 70 years of Soviet history, looking at changing political ideology on appropriate forms of housing under socialism, successive government policies on housing, and the meaning and experience of 'home' for Soviet citizens. She examines the use of housing to alter gender relations, and the ways in which domestic space was differentially experienced by men and women. Much of Attwood's material comes from Soviet magazines and journals, which enables her to demonstrate how official ideas on housing and daily life changed during the course of the 410 0$aGender in History 606 $aHousing$zSoviet Union 606 $aWomen$zSoviet Union$xSocial conditions 606 $aSex role$zSoviet Union 607 $aSowjetunion$2swd 610 $aSoviet history. 610 $aSoviet housing. 610 $adomestic life. 610 $adomestic space. 610 $agender relations. 610 $ahistory of housing. 610 $ahome life. 610 $ahousing policy. 610 $ahousing shortage. 610 $asocialism. 615 0$aHousing 615 0$aWomen$xSocial conditions. 615 0$aSex role 676 $a363.50947/0904 700 $aAttwood$b Lynne$01561612 801 0$bMiAaPQ 801 1$bMiAaPQ 801 2$bMiAaPQ 906 $aBOOK 912 $a9910791731803321 996 $aGender and housing in Soviet Russia$93828526 997 $aUNINA LEADER 03230nam 2200649Ia 450 001 9910784984103321 005 20230831221624.0 010 $a1-383-04069-9 010 $a1-280-83833-7 010 $a0-19-151472-1 035 $a(CKB)1000000000408714 035 $a(EBL)422696 035 $a(OCoLC)476258956 035 $a(SSID)ssj0000118223 035 $a(PQKBManifestationID)12017548 035 $a(PQKBTitleCode)TC0000118223 035 $a(PQKBWorkID)10051417 035 $a(PQKB)10809251 035 $a(Au-PeEL)EBL422696 035 $a(CaPaEBR)ebr10266552 035 $a(CaONFJC)MIL83833 035 $a(MiAaPQ)EBC422696 035 $a(EXLCZ)991000000000408714 100 $a20041101d2004 uy 0 101 0 $aeng 135 $aur|n|---||||| 181 $ctxt$2rdacontent 182 $cc$2rdamedia 183 $acr$2rdacarrier 200 10$aCarl Peters and German imperialism, 1856-1918 $ea political biography /$fArne Perras 210 1$aOxford ;$aNew York :$cClarendon Press,$d2004. 215 $a1 online resource (xi, 286 pages) $cillustrations 225 1 $aOxford historical monographs 311 0 $a0-19-926510-0 320 $aIncludes bibliographical references (p. 264-274) and index. 327 $aContents; Abbreviations; INTRODUCTION; 1. ACADEMIC LAURELS AND EMPTY POCKETS: PETERS'S EARLY YEARS (1856-1883); 2. THE QUEST FOR EAST AFRICA (1884-1885); 3. 'FROM THE NYASSA TO THE NILE': PETERS AND THE GERMAN EAST AFRICA COMPANY (1885-1887); 4. RESCUING EMIN PASHA (1888-1890); 5. AFTER BISMARCK: THE HELIGOLAND-ZANZIBAR AGREEMENT AND ITS CONSEQUENCES (1890-1891); 6. KING OR PAWN? PETERS ON KILIMANJARO (1891-1892); 7. COLONIAL SCANDAL (1892-1897); 8. STRUGGLING FOR A POLITICAL COMEBACK (1897-1918); 9. TOWARDS NEW GLORY (1919-1945); 10. PETERS'S DISPUTED LEGACY AFTER 1945; CONCLUSION; Bibliography; Index 330 $aCarl Peters (1856-1918) ranked among Germany's most prominent imperialists in the nineteenth century. He became known as the founder of Deutsch-Ostafrika, a region many Germans saw as the pearl of their overseas possessions, and his memory was revered in Nazi Germany. This biography reveals his role in Germany's colonial expansion. - ;Carl Peters (1856-1918) ranked among Germany's most prominent imperialists in the Bismarckian and Wilhelmine periods. In the 1880s he emerged as a leader of the colonial movement and became known as the founder of Deutsch-Ostafrika, a region many Germans regarded 410 0$aOxford historical monographs. 606 $aColonial administrators$zGerman East Africa$vBiography 606 $aPoliticians$zGermany$vBiography 606 $aImperialism 607 $aGermany$xColonies$zAfrica$xHistory 607 $aGermany$xForeign relations$y1848-1870 607 $aGermany$xForeign relations$y1871-1918 615 0$aColonial administrators 615 0$aPoliticians 615 0$aImperialism. 676 $a325.343092B 676 $a325/.343/092 B 700 $aPerras$b Arne$01499519 801 0$bMiAaPQ 801 1$bMiAaPQ 801 2$bMiAaPQ 906 $aBOOK 912 $a9910784984103321 996 $aCarl Peters and German imperialism, 1856-1918$93725618 997 $aUNINA